Ursachen von Kinderkriminalität
Saved in:
| Main Author: | |
|---|---|
| Format: | Chapter/Article |
| Language: | German |
| Published: |
2009
|
| In: |
Kriminalprävention durch familiale Erziehung?
Year: 2009, Pages: 88-99 |
| Online Access: |
|
| Author Notes: | Dieter Hermann |
MARC
| LEADER | 00000caa a2200000 c 4500 | ||
|---|---|---|---|
| 001 | 1382829671 | ||
| 003 | DE-627 | ||
| 005 | 20240701172913.0 | ||
| 007 | tu | ||
| 008 | 091109s2009 xx ||||| 00| ||ger c | ||
| 035 | |a (DE-627)1382829671 | ||
| 035 | |a (DE-576)312829671 | ||
| 035 | |a (DE-599)BSZ312829671 | ||
| 035 | |a (OCoLC)1340390573 | ||
| 040 | |a DE-627 |b ger |c DE-627 |e rakwb | ||
| 041 | |a ger | ||
| 084 | |a 14 |2 sdnb | ||
| 100 | 1 | |a Hermann, Dieter |d 1951- |0 (DE-588)135546311 |0 (DE-627)566683806 |0 (DE-576)300506554 |4 aut | |
| 245 | 1 | 0 | |a Ursachen von Kinderkriminalität |c Dieter Hermann |
| 264 | 1 | |c 2009 | |
| 300 | |b graph. Darst. | ||
| 300 | |a 12 | ||
| 336 | |a Text |b txt |2 rdacontent | ||
| 337 | |a ohne Hilfsmittel zu benutzen |b n |2 rdamedia | ||
| 338 | |a Band |b nc |2 rdacarrier | ||
| 500 | |a Literaturangaben | ||
| 773 | 0 | 8 | |i In |t Kriminalprävention durch familiale Erziehung? |b 1. Aufl. |d Baden-Baden : Nomos, 2009 |g (2009), Seite 88-99 |h 178 S. |w (DE-627)606672214 |w (DE-576)310268621 |z 9783832949105 |7 nnam |a Ursachen von Kinderkriminalität |
| 773 | 1 | 8 | |g year:2009 |g pages:88-99 |g extent:12 |a Ursachen von Kinderkriminalität |
| 889 | |w (DE-627)612514110 | ||
| 935 | |i mdedup | ||
| 951 | |a AR | ||
| 992 | |a 20120913 | ||
| 993 | |a BookComponentPart | ||
| 994 | |a 2009 | ||
| 998 | |g 135546311 |a Hermann, Dieter |m 135546311:Hermann, Dieter |d 20000 |d 20200 |e 20000PH135546311 |e 20200PH135546311 |k 0/20000/ |k 1/20000/20200/ |p 1 |x j |y j | ||
| 999 | |a KXP-PPN1382829671 |e 2722839482 | ||
| BIB | |a Y | ||
| JSO | |a {"language":["ger"],"title":[{"title":"Ursachen von Kinderkriminalität","title_sort":"Ursachen von Kinderkriminalität"}],"id":{"eki":["1382829671"]},"physDesc":[{"extent":"12 S.","noteIll":"graph. Darst."}],"origin":[{"dateIssuedDisp":"2009","dateIssuedKey":"2009"}],"type":{"bibl":"chapter"},"note":["Literaturangaben"],"relHost":[{"type":{"bibl":"edited-book"},"physDesc":[{"extent":"178 S.","noteIll":"Ill., graph. Darst.","noteFormat":"23 cm"}],"disp":"Ursachen von KinderkriminalitätKriminalprävention durch familiale Erziehung?","origin":[{"publisherPlace":"Baden-Baden","edition":"1. Aufl.","dateIssuedKey":"2009","editionNo":"1","dateIssuedDisp":"2009","publisher":"Nomos"}],"language":["ger"],"title":[{"subtitle":"Dokumentation des 19. Mainzer Opferforums 2008","title":"Kriminalprävention durch familiale Erziehung?","title_sort":"Kriminalprävention durch familiale Erziehung?"}],"id":{"isbn":["9783832949105"],"eki":["606672214"]},"relMultPart":[{"dispAlt":"Mainzer Schriften zur Situation von Kriminalitätsopfern","language":["ger"],"title":[{"title_sort":"Mainzer Schriften zur Situation von Kriminalitätsopfern","title":"Mainzer Schriften zur Situation von Kriminalitätsopfern"}],"id":{"issn":["0937-3713"],"zdb":["1174521-6"],"eki":["171293746"]},"part":{"number":["46"],"number_sort":["4600"]},"disp":"Mainzer Schriften zur Situation von Kriminalitätsopfern","titleAlt":[{"title":"Die Mainzer Schriftenreihe"},{"title":"Mainzer Schriften"}],"origin":[{"publisher":"Nomos ; Weisser Ring","publisherPlace":"Baden-Baden ; Mainz","dateIssuedDisp":"1990-","dateIssuedKey":"1990"}],"pubHistory":["1.1990 -"],"recId":"171293746","type":{"bibl":"serial"}}],"recId":"606672214","person":[{"family":"Schwind","display":"Schwind, Hans-Dieter","given":"Hans-Dieter","role":"edt"},{"family":"Steffen","given":"Wiebke","display":"Steffen, Wiebke","role":"edt"},{"role":"edt","given":"Dieter","display":"Hermann, Dieter","family":"Hermann"}],"name":{"displayForm":["Hans-Dieter Schwind ... (Hrsg.). [Weisser Ring]"]},"part":{"extent":"12","text":"(2009), Seite 88-99","year":"2009","pages":"88-99"},"corporate":[{"role":"oth","display":"Weisser Ring e.V."},{"display":"Mainzer Opferforum (19, 2008, Mainz)","role":"oth"}],"note":["Enth. 8 Beitr","Literaturangaben"]}],"name":{"displayForm":["Dieter Hermann"]},"recId":"1382829671","person":[{"role":"aut","family":"Hermann","given":"Dieter","display":"Hermann, Dieter"}]} | ||
| SRT | |a HERMANNDIEURSACHENVO2009 | ||